000 00572nam a2200205Ia 4500
005 20250508162208.0
008 008 250505s9999 xx 000 0 eng d
020 _a0-226-01494-0
037 _aTextual
040 _aFEDL
_beng
_cFEDL
041 _aeng
_2eng
084 _a155.25, ALL
_qFEDL
100 _aAllport W.
_9772550
245 0 _aPersonality and social encounter
260 _aChicago, USA
_bThe University of Chicago Press
_c1960
300 _ax,388p
650 _aPersonality
942 _cTEXL
_h155.25, ALL
999 _c1374956
_d1374956